=LDR 00000nam 2200000 4500 =001 INLIS000000000015045 =005 20130612110327 =008 ***********************************Ind** =035 ##$$0010-061300000015045 =041 ##$$a Ind =090 ##$$a 651, Whi s =100 ##$$a White, mel =245 ##$$a Superfisi yang Efektif di Kantor, mel, White; penerjemah: SS =260 ##$$a 1976 $b jakarta =300 ##$$a vii,45 Hlm, Ilus, 21 Cm =650 ##$$a Manajemen perkantoran =700 ##$$a SS =850 ##$$a NBPNMAT